Book, Movie, Song: 'D' Words Quiz Stats

 Plays Quiz Updated Apr 29, 2016

Challenge
Share
Tweet
Embed
Score 0/24 Timer 04:00
0 Plays Today
% Correct
Dark, Days, David
94.2%
Doll, Dorian, Defending
93.9%
Daddy, Diamond, Daughters
91.7%
Demon, Dark, Demons
90.5%
Daisy, Disorderly, Don't
89.1%
Decline, Dam, Do
83.5%
Dog, Daughter, Drowning
81.4%
Drum, Down, Died
77.6%
Doyle, Doc, Delight
76.6%
Drift, Dying, Death
76.3%
Dancing, Daddy, Dove
75.1%
Die, Dorrit, Desert
74.9%
% Correct
Dalloway, Donovan's, Dress
72.8%
Destry, Down, Dawn
72.8%
Don't, Death, Darby
70.1%
Day, Dead, Devil
69.9%
Drina, Dante's, Duke
66.5%
Down, Damned, Dan
66.3%
Dancing, Darkness, Date
64.4%
Dirty, Double, Dead
62.7%
Dead, Dementia, Destruction
62%
Defiant, Dream, Darkly
61.5%
Duck, Dharma, Dangerous
58.9%
Dogtown, Dress, Digital
53.5%

You're not logged in!

Compare scores with friends on all Sporcle quizzes.
OR
Log In

You Might Also Like...

Show Comments

Extras

Top Quizzes Today


Score Distribution

Your Account Isn't Verified!

In order to create a playlist on Sporcle, you need to verify the email address you used during registration. Go to your Sporcle Settings to finish the process.

Report this User

Report this user for behavior that violates our Community Guidelines.

Details: